Piotr Skarga

Titel: Piotr Skarga : w czterechsetlecie śmierci / [red. nauk. Michała Kurana ...]
Beteiligt:
Veröffentlicht: Łódź : Wydawn. Uniwersytetu Łódzkiego, 2013
Umfang: 446 S.
Format: Buch
Sprache: Polnisch
Schriftenreihe/
mehrbändiges Werk:
Folia litteraria polonica ; 21=3
Schlagworte:
Kein Bild verfügbar
X
Lokale Klassifikation: 32 11 B
alg: 34569625
001A    $03004:20-08-14 
001B    $03025:21-11-25 $t13:48:52.000 
001C    $03004:20-08-14 $t13:55:07.000 
001D    $03004:20-08-14 
001U    $0utf8 
001X    $00 
002@    $0Aau 
003@    $0345696255 
007A    $0345696255 $aHEB 
007G    $0DE0207ECEC1C2B11307A4C1257D4000389FD3 
009P    $qapplication/pdf $A2 $3Inhaltsverzeichnis $uhttp://scans.hebis.de/HEBCGI/show.pl?34569625_toc.pdf $mV:DE-603;B:DE-Mb50 
010@    $apol 
011@    $a2013 
021A    $aPiotr Skarga $dw czterechsetlecie śmierci $h[red. nauk. Michała Kurana ...] 
028C    $71026932262 $8Kuran, Michał$Z1972- [Tp3] $9310209927 
033A    $pŁódź $nWydawn. Uniwersytetu Łódzkiego 
034D    $a446 S. 
036E    $aFolia litteraria polonica $l21=3 
036F    $x221 13 $8Folia litteraria Polonica $9102604428 $l21=3 
044K    $#Skarga, Piotr $#Pawe̜zki, Piotr Skarga $#Powe̜ski, P. $#Skarga, Pierre $#Skarga, Petr $#Scarga von Paveski, Petrus $#Skarga, Peter $#Scarga, Petro $#Scarga, Petrus $#Scharga, Pjotr $#Scharga, Petrus $#Pawezki, Piotr Skarga $#Pawezki, Piotr $#Poweski, Piotr $#Poweski, Piotr Skarga $#Skarha, Petro $#Skarga, Petro $7119327384 $8Skarga, Piotr$Z1536-1612 [Tp1] $9087667193 
045F    $a200.94380901 $eDDC23BSB 
045F/01 $a200.9 
045F/03 $f0901 
045F/03 $f0902 
045F/03 $g438 

lok: 34569625 24
101B    $020-08-14 $t13:57:06.000 
101C    $020-08-14 
101U    $0utf8 
145Z/01 $a32 11 B 

exp: 34569625 24 1 #EPN
201B/01 $005-11-14 $t13:56:25.000 
201C/01 $020-08-14 
201U/01 $0utf8 
203@/01 $0739070967 
208@/01 $a20-08-14 $bz 
209A/01 $a36 XV BZ 49 : 21 $du $f050 $h36 15 BZ 49 / B 21 $x00 
209C/01 $a14.07897 K $h14 07897 K 
209G/01 $a73499747 $x00 
220C/01 $awal 
244Z/01 $#Skarga, Piotr $#Pawe̜zki, Piotr Skarga $#Powe̜ski, P. $#Skarga, Pierre $#Skarga, Petr $#Scarga von Paveski, Petrus $#Skarga, Peter $#Scarga, Petro $#Scarga, Petrus $#Scharga, Pjotr $#Scharga, Petrus $#Pawezki, Piotr Skarga $#Pawezki, Piotr $#Poweski, Piotr $#Poweski, Piotr Skarga $#Skarha, Petro $#Skarga, Petro $7119327384 $8--Tp1--Skarga, Piotr$Z1536-1612 $x01 $9087667193 
247C/01 $8358050-7 Marburg, Bibliothek des Herder-Instituts Marburg $9102600961 

lok: 34569625 78

exp: 34569625 78 1 #EPN
201B/01 $021-11-25 $t13:48:52.000 
201C/01 $021-11-25 
201U/01 $0utf8 
203@/01 $01324577193 
208@/01 $a21-11-25 $be 
209A/01 $a/ $f000 $x00 
209A/01 $ab*p $x01 
220C/01 $apgar 
244Z/01 $#Generalgouvernement Polen $#Polska $#Rzeczpospolita Polska $#Polska Rzeczpospolita Ludowa $#Poland $#Pologne $#République Polonaise $#Generalne Gubernatorstwo w Polsce $#Polish People's Republic $#Polska Rzeczpospolita Polen $#PRL $#RP $#Polen Generalgouvernement $#Polska Generalgouvernement $#Besetzte Polnische Gebiete $#Besetztes Gebiet in Polen $#Okupowane Polskie Obszary $#Obszary Okupowane w Polsce $#Volksrepublik Polen $#Polska Rosyjska $#Republic Polen $#Respublika Pol'ša $#Pol'skaja Narodnaja Respublika $#République de Pologne $#Polen Links der Weichsel $#Polska po Lewej Stronie Wisły $#Lenkija $#Polija $#Gubernija Carstva Pol'skago $#Republik Polen $74046496-9 $8--Tg1--Polen $x01 $9085129801 
247C/01 $82080>Marburg/Lahn, Herder-Institut, Forschungsbibliothek, Bibliographieportal $9336309341
LEADER 00000cam a2200000 c 4500
001 345696255
003 DE-603
005 20251121134852.0
007 tu
008 140820s2013 xx |||| | u00||u|pol c
035 |a (DE-599)HEB345696255 
040 |a DE-603  |b ger  |c DE-603  |d DE-603 
041 |a pol 
082 0 4 |8 1\u  |a 200.94380901  |q DE-101  |2 23/BSB 
085 |8 1\u  |b 200.9 
085 |8 1\u  |z 1  |s 0901 
085 |8 1\u  |z 1  |s 0902 
085 |8 1\u  |z 2  |s 438 
245 0 0 |a Piotr Skarga  |b w czterechsetlecie śmierci  |c [red. nauk. Michała Kurana ...] 
264 1 |a Łódź  |b Wydawn. Uniwersytetu Łódzkiego  |c 2013 
300 |a 446 S. 
490 1 |a Folia litteraria polonica  |v 21=3 
600 1 7 |a Skarga, Piotr  |d 1536-1612  |0 (DE-588)119327384  |0 (DE-603)087667193  |2 gnd 
700 1 |a Kuran, Michał  |d 1972-  |0 (DE-603)310209927  |0 (DE-588)1026932262  |2 gnd 
830 0 |t Folia litteraria Polonica  |v 21=3  |w (DE-603)102604428  |w (DE-600)1461302-5  |9 221 13  |7 as 
856 4 2 |m V:DE-603;B:DE-Mb50  |q application/pdf  |u http://scans.hebis.de/HEBCGI/show.pl?34569625_toc.pdf  |3 Inhaltsverzeichnis 
924 0 |9 Mb 50  |a (DE-603)739070967  |b DE-Mb50  |c HES  |d c  |g 36 XV BZ 49 : 21 
924 0 |9 2080  |a (DE-603)1324577193  |b DE-2080  |c HES  |d d  |g /